02349cam a22006254i 4500003000900000005001700009008004100026020001500067020001800082035002700100040003300127049000900160082001900169100004500188245008900233264006700322300005500389336002100444337002500465338002300490504002800513505020800541526001000749526001000759526001000769526001000779526001000789526000900799526000900808526000900817526000900826526000900835526000900844526000900853526000900862526000900871526000900880526000800889526000800897526000800905526000800913526000800921526000800929541001600937650004500953650006100998910002301059942001401082949017701096994001401273596000601287999019101293980005501484952018401539PE-LiUPU20250731170443.0150625s2007 sp a rb 000 0 spa d a9702609550 a9789702609551 a(Sirsi) i9789702609551 aPE-LiUPUbspacPE-LiUPUerda aPRUA04a170.1bV192211 aValdés Salmerón, Verónica,eautor.10aÉtica y valores 2 :bun enfoque constructivista /cVerónica Valdés Salmerón. 1aNaucalpan, México :bPearson Educación de México,c2007. a215 páginas :bilustraciones ;c24 centímetros atext2rdacontent aunmediated2rdamedia avolume2rdacarrier aIncluye bibliografía.0 aLa dimensiones de la conciencia moral -- Los derechos humanos y la dignidad de las personas -- La globalización y el desarrollo de las personas -- Educación ambiaental para el desarrollo sustentable. aSEG68 aSEG70 aSEG69 aSEG67 aSEG43 aP144 aP143 aP131 aP122 aP120 aP117 aP112 aP110 aP106 aP101 aP80 aP59 aP54 aP35 aP33 aP30 g001-000235;04aEticaxEstudio y enseñanza (Superior).04aValores (Filosofía)xEstudio y enseñanza (Superior). bkslcksld20190619 2ddccBOOK a170.1 V19wDEWEYc1i57733d2016-9-25e2016-9-22lCCODEBUL1mBULn2p9.00r0sYtBOOKu2015-6-25xEDUCACIONPP200COMPRAo.STAFF. Colección Ciencias Humanas y Educación aC0bPEPRU a1 a170.1 V19wDEWEYc46739i57733d46739e2016-9-22f2021-11-8g6lCCODEBUL1mBULn2p9.00r0sYtBOOKu2015-6-25xEDUCACIONPP200COMPRAo.STAFF. Colección Ciencias Humanas y Educación 81gALBERTO SANCHEZ Responsable de Automatización r2026-05-07 09:20:45i7l3o170.1 V19p57733s2026-04-29te1v14.00w2015-06-25xFACIHEDyBKzinventario-2023-12-13102ddc50708GENfP20aBULbBULcGENd2015-06-25eCOMPRAg9.00